ARRUPE JESUIT UNIVERSITY

CORONAVIRUS -STOP THE SPREAD - CLEAN,DISINFECT,COVER

Man's search for faith (Record no. 1237)

MARC details
000 -LEADER
fixed length control field 00572nam a2200205Ia 4500
003 - CONTROL NUMBER IDENTIFIER
control field 0100
008 - FIXED-LENGTH DATA ELEMENTS--GENERAL INFORMATION
fixed length control field 130227s9999 xx 000 0 und d
040 ## - CATALOGING SOURCE
Transcribing agency ARRUPELIB
050 ## - LIBRARY OF CONGRESS CALL NUMBER
Classification number BL80.2.D484
100 ## - MAIN ENTRY--PERSONAL NAME
Personal name Detzer, Jordan E.
245 ## - TITLE STATEMENT
Title Man's search for faith
245 ## - TITLE STATEMENT
Remainder of title Insights into the principles and varieties of major philosophy and religious expressions in the world
260 ## - PUBLICATION, DISTRIBUTION, ETC. (IMPRINT)
Place of publication, distribution, etc Aberdeen
260 ## - PUBLICATION, DISTRIBUTION, ETC. (IMPRINT)
Name of publisher, distributor, etc North Plains Press
260 ## - PUBLICATION, DISTRIBUTION, ETC. (IMPRINT)
-- 1970
300 ## - PHYSICAL DESCRIPTION
Extent xii
300 ## - PHYSICAL DESCRIPTION
Other physical details 383p 23cm
650 ## - SUBJECT ADDED ENTRY--TOPICAL TERM
Topical term following geographic name as entry element English language - Grammar - 1870-
942 ## - ADDED ENTRY ELEMENTS (KOHA)
Source of classification or shelving scheme Library of Congress Classification
Koha issues (borrowed), all copies 1
Holdings
Withdrawn status Lost status Source of classification or shelving scheme Damaged status Not for loan Collection code Home library Current library Shelving location Date acquired Total Checkouts Full call number Barcode Date last seen Date last borrowed Copy number Price effective from Koha item type
    Library of Congress Classification     Main Collection ARRUPE LIBRARY ARRUPE LIBRARY   27/02/2013 1 BL80.2.D484 46402089 01/08/2016 14/10/2013 1 27/02/2013 Monograph ( Printed materials)

 

Arrupe Library. PO Box MP320 Mt Pleasant, Harare, Zimbabwe
263 242 745411|librarian@aju.ac.zw